000 00417nam a2200157 i 4500
001 28241
003 ES-MaACL
005 20230906153813.0
007 t|
008 030116s1970 sp ||||1| spa d
100 1 _aBaldinger, Kurt.
_924889
245 1 0 _aTeoría semántica /
_cKurt Baldinger.
260 _aMadrid :
_bAlcalá,
_c[1970]
300 _a278 p. :
_bil. ;
_c24 cm.
852 _aES-MaACL
_jC-37797
_bR.74188
999 _c28241
_d28241